000 01170nam a2200301 i 4500
001 179877
003 ES-MaACL
005 20251123063310.0
008 120216s1998 sp aco |||| |dspa d
080 _a75Delgado, Guillermo(083.824)
080 _a75Quetglas, Matías(083.824)
080 _a75Saura, Antonio(083.824)
100 1 _aDelgado, Guillermo,
_d1930-
_9149383
245 1 3 _aLa figura humana
_b: pinturas : desde el 4 de febrero al 7 de marzo de 1998 /
_cGuillermo Delgado, Matías Quetglas, Antonio Saura.
260 _aMadrid :
_bGalería de Arte Juan Gris,
_c[1998]
300 _a[24] p. :
_bprincipalmente il. col. ;
_c20 x 20 cm.
600 1 7 _aDelgado, Guillermo,
_d1930-
_vExposiciones
_2
_9149385
600 1 4 _aQuetglas, Matías-
_vExposiciones.
_994587
600 1 4 _aSaura, Antonio-
_vExposiciones.
_9103995
650 4 _aCuerpo humano-
_xEn el arte-
_vExposiciones.
_9149384
655 7 _2tgfbne
_9193628
_aCatálogos de exposiciones
700 1 _aQuetglas, Matías.
_994586
700 1 _aSaura, Antonio.
_9103994
710 2 _aGalería Juan Gris.
_9171351
852 _aES-MaACL
_j2292-F-1
942 _2udc
999 _c179877
_d179877